Statistics for German car brands

Click here to take the quiz!

General Stats

  • This quiz has been taken 55 times
  • The average score is 5 of 8

Answer Stats

Answer% Correct
BMW
98%
Mercedes
98%
Audi
95%
Porsche
81%
Volkswagen
81%
Opel
67%
Maybach
19%
Alpine
7%

Score Distribution

Percentile by Number Answered

Percent of People with Each Score

Your Score History

You have not taken this quiz